MARC details
| 000 -CABECERA |
| campo de control de longitud fija |
02247nam a2200433Ii 4500 |
| 001 - NÚMERO DE CONTROL |
| campo de control |
ocn992484095 |
| 003 - IDENTIFICADOR DEL NÚMERO DE CONTROL |
| campo de control |
OCoLC |
| 005 - FECHA Y HORA DE LA ÚLTIMA TRANSACCIÓN |
| campo de control |
20260304130953.0 |
| 008 - DATOS DE LONGITUD FIJA--INFORMACIÓN GENERAL |
| campo de control de longitud fija |
170629t20172017enka bc 000 0 eng d |
| 020 ## - NÚMERO INTERNACIONAL ESTÁNDAR DEL LIBRO |
| Número Internacional Estándar del Libro |
9780714873459 |
| 035 ## - NÚMERO DE CONTROL DEL SISTEMA |
| Número de control de sistema |
(OCoLC)992484095 |
| Número de control cancelado/no válido |
(OCoLC)987281814 |
| -- |
(OCoLC)1008849588 |
| 040 ## - FUENTE DE LA CATALOGACIÓN |
| Centro catalogador/agencia de origen |
ERASA |
| Lengua de catalogación |
eng |
| Normas de descripción |
rda |
| Centro/agencia transcriptor |
ERASA |
| Centro/agencia modificador |
SFMMA |
| -- |
VP@ |
| -- |
BTCTA |
| -- |
YDX |
| -- |
BDX |
| -- |
OCLCF |
| -- |
UAB |
| -- |
OCLCA |
| -- |
LANGC |
| -- |
OCLCO |
| -- |
OCL |
| -- |
UOH |
| 041 ## - CÓDIGO DE LENGUA |
| Código de lengua del texto/banda sonora o título independiente |
English |
| 043 ## - CÓDIGO DE ÁREA GEOGRÁFICA |
| Código de área geográfica |
a-ja--- |
| 050 14 - SIGNATURA TOPOGRÁFICA DE LA BIBLIOTECA DEL CONGRESO |
| Número de clasificación |
N7359.K87 |
| Número de documento/Ítem |
H67 2017 |
| 100 ## - ENTRADA PRINCIPAL--NOMBRE DE PERSONA |
| Nombre de persona |
Hoptman, Laura J., - 1962- author. |
| Fechas asociadas al nombre |
1962- |
| Término indicativo de función/relación |
author. |
| 245 10 - MENCIÓN DE TÍTULO |
| Título |
Yayoi Kusama |
| Mención de responsabilidad, etc. |
/ Akira Tatehata, Laura Hoptman, Udo Kultermann, Catherine Taft. |
| 250 ## - MENCIÓN DE EDICIÓN |
| Mención de edición |
Second edition, revised and expanded. |
| 264 #1 - PRODUCCIÓN, PUBLICACIÓN, DISTRIBUCIÓN, FABRICACIÓN Y COPYRIGHT |
| Producción, publicación, distribución, fabricación y copyright |
London : |
| Nombre del de productor, editor, distribuidor, fabricante |
Phaidon, |
| Fecha de producción, publicación, distribución, fabricación o copyright |
2017. |
| 300 ## - DESCRIPCIÓN FÍSICA |
| Extensión |
238 pages : |
| Otras características físicas |
illustrations (some color) ; |
| Dimensiones |
30 cm. |
| 380 ## - FORMA DE LA OBRA |
| Forma de la obra |
Catalog. |
| 490 1# - MENCIÓN DE SERIE |
| Mención de serie |
Contemporary artists. |
| 500 ## - NOTA GENERAL |
| Nota general |
First published: 2000. |
| 504 ## - NOTA DE BIBLIOGRAFÍA, ETC. |
| Nota de bibliografía, etc. |
Includes bibliographical references (pages 234-236) |
| 520 8# - SUMARIO, ETC. |
| Sumario, etc. |
Kusama is internationally renowned for her groundbreaking work on themes such as infinity, self-image, sexuality, and compulsive repetition. A well-known name in the Manhattan scene of the 1960s, Kusama's subsequent work combined Psychedelia and Pop culture with patterning, often resulting in participatory installations and series of paintings. This revised and expanded edition of the 2000 monograph, which is arguably still one of the most comprehensive studies on her work to date, has been augmented by an essay by Catherine Taft and a collection of new poems by the artist. |
| 600 #0 - PUNTO DE ACCESO ADICIONAL DE MATERIA--NOMBRE DE PERSONA |
| Nombre de persona |
Kusama, Yayoi - Criticism and interpretation. |
| Subdivisión general |
Criticism and interpretation. |
| 9 (RLIN) |
26766 |
| 600 #0 - PUNTO DE ACCESO ADICIONAL DE MATERIA--NOMBRE DE PERSONA |
| Nombre de persona |
Kusama, Yayoi - Interviews. |
| Subdivisión de forma |
Interviews. |
| 9 (RLIN) |
26767 |
| 600 #0 - PUNTO DE ACCESO ADICIONAL DE MATERIA--NOMBRE DE PERSONA |
| Nombre de persona |
Kusama, Yayoi. |
| 9 (RLIN) |
26768 |
| 655 #0 - TÉRMINO DE INDIZACIÓN--GÉNERO/FORMA |
| Datos o término principal de género/forma |
Illustrated works |
| 9 (RLIN) |
24413 |
| 655 #0 - TÉRMINO DE INDIZACIÓN--GÉNERO/FORMA |
| Datos o término principal de género/forma |
Criticism, interpretation, etc. |
| 9 (RLIN) |
22790 |
| 655 #0 - TÉRMINO DE INDIZACIÓN--GÉNERO/FORMA |
| Datos o término principal de género/forma |
Interviews |
| 9 (RLIN) |
23088 |
| 700 ## - ENTRADA AGREGADA--NOMBRE PERSONAL |
| Nombre de persona |
Kusama, Yayoi, - artist. |
| Término indicativo de función/relación |
artist. |
| 9 (RLIN) |
26769 |
| 700 ## - ENTRADA AGREGADA--NOMBRE PERSONAL |
| Nombre de persona |
Tatehata, Akira, - 1947- author. |
| Fechas asociadas al nombre |
1947- |
| Término indicativo de función/relación |
author. |
| 700 ## - ENTRADA AGREGADA--NOMBRE PERSONAL |
| Nombre de persona |
Kultermann, Udo, |
| Término indicativo de función/relación |
author. |
| 9 (RLIN) |
26771 |
| 700 ## - ENTRADA AGREGADA--NOMBRE PERSONAL |
| Nombre de persona |
Taft, Catherine, |
| Término indicativo de función/relación |
author. |
| 9 (RLIN) |
26772 |
| 700 #2 - ENTRADA AGREGADA--NOMBRE PERSONAL |
| Nombre de persona |
Kusama, Yayoi. - Works. Selections. |
| Título de la obra |
Works. |
| Subencabezamiento de forma |
Selections. |
| 830 #0 - PUNTO DE ACCESO ADICIONAL DE SERIE-TÍTULO UNIFORME |
| Título uniforme |
Contemporary artists. |
| 942 ## - ELEMENTOS DE ENTRADA AGREGADA (KOHA) |
| Fuente del sistema de clasificación o colocación |
Clasificación de Library of Congress |